Statistiques concernant Province de Belgique par Ville

Cliquez ici pour prendre le quiz!

Statistiques générales

  • Ce quiz a été pris 71 fois
  • Le résultat moyen est 16 sur 20

Statistiques - réponses

HintRéponse% Correct
AnversAnvers
100%
MalinesAnvers
100%
LouvainBrabant flamand
100%
HalBrabant flamand
100%
ZaventemBrabant flamand
100%
WavreBrabant wallon
100%
Ottignies-Louvain-la-NeuveBrabant wallon
100%
BlankenbergheFlandre-Occidentale
100%
OstendeFlandre-Occidentale
100%
DixmudeFlandre-Occidentale
100%
NieuportFlandre-Occidentale
100%
SoigniesHainaut
100%
CharleroiHainaut
100%
SeraingLiège
100%
SpaLiège
100%
LiègeLiège
100%
ArlonLuxembourg
100%
BastogneLuxembourg
100%
BouillonLuxembourg
100%
WalcourtNamur
100%
DinantNamur
100%
BrugesFlandre-Occidentale
88%
GenkLimbourg
88%
NamurNamur
88%
BincheHainaut
83%
VirtonLuxembourg
83%
PhilippevilleNamur
83%
GandFlandre-Orientale
80%
MonsHainaut
80%
HerstalLiège
80%
Marche-en-FamenneLuxembourg
80%
JodoigneBrabant wallon
75%
TermondeFlandre-Orientale
75%
ChimayHainaut
75%
CineyNamur
75%
WaterlooBrabant wallon
71%
HuyLiège
71%
GenappeBrabant wallon
67%
NivellesBrabant wallon
67%
YpresFlandre-Occidentale
67%
Saint-NicolasFlandre-Orientale
67%
La LouvièreHainaut
67%
LobbesHainaut
67%
CouvinNamur
67%
AndenneNamur
67%
SambrevilleNamur
67%
GeelAnvers
60%
CoxydeFlandre-Occidentale
60%
AthHainaut
60%
HerveLiège
60%
HasseltLimbourg
60%
CourtraiFlandre-Occidentale
57%
WaregemFlandre-Occidentale
57%
TongresLimbourg
57%
HerentalsAnvers
50%
Braine-l'AlleudBrabant wallon
50%
AlostFlandre-Orientale
50%
AudenardeFlandre-Orientale
50%
TournaiHainaut
50%
MouscronHainaut
50%
ThuinHainaut
50%
MalmedyLiège
50%
NeufchâteauLuxembourg
50%
NinoveFlandre-Orientale
40%
Saint-TrondLimbourg
40%
BeauraingNamur
40%
TubizeBrabant wallon
33%
RoulersFlandre-Occidentale
33%
IzegemFlandre-Occidentale
33%
LokerenFlandre-Orientale
33%
GrammontFlandre-Orientale
33%
VerviersLiège
33%
LommelLimbourg
33%
MaaseikLimbourg
33%
LierreAnvers
25%
DurbuyLuxembourg
25%
ZottegemHainaut
20%
TurnhoutAnvers
0%
VilvordeBrabant flamand
0%
TirlemontBrabant flamand
0%
DeinzeFlandre-Orientale
0%
EupenLiège
0%
GemblouxNamur
0%

Distribution des résultats

Percentile par nombre de réponses

% des personnes avec chaque résultat

Votre développement - résultats

Vous n’avez pas pris ce quiz